000 03107nam2a22003851 4500
001 rc\410716
005 20250621165154.0
010 _a5-239-00740-3
_9150000
035 _a(NLR Aleph) 005815538
090 _a5426960
_c5426960
100 _a20030616d1990 |||y0rusy50 ca
101 0 _arus
102 _aRU
105 _ay |||||||||
200 1 _aСледствие продолжается
_e[Пер. с англ.]
210 _d1990
_aБ. м.
215 _a541, [2] с.
300 _aНа пер. только загл. вып.
327 1 _aСодерж.: Романы: Убийства по алфавиту / А. Кристи. Красная жатва / Д. Хемметт. В холодном поту / Буало-Нарсежак. Новейший вариант пещеры Али-Бабы: Рассказ / Д. Сейерс. Новеллы: Мартовские иды; Кто смеется последним; Поймать вора / Э.У. Хорнунг. Воскресение отца Брауна; Три всадника из Апокалипсиса / Г.К. Честертон
461 0 _1001rc\410714
_12001#$aАнтология зарубежного детектива$e[Перевод$fСост., вступ. ст., примеч. С.Б. Белова]$vВып. 3
_95426942
_cМ.
_d1987-
_fСост., вступ. ст., примеч. С.Б. Белова]
_nМоск. рабочий
_o[Перевод
_tАнтология зарубежного детектива
_vВып. 3
464 0 _12001#$aУбийства по алфавиту
_1700#1$aКристи$bА.$f1890-1976$gАгата$3RU\NLR\AUTH\772006
_tУбийства по алфавиту
_aКристи, Агата (1890-1976)
464 0 _12001#$aКрасная жатва
_1700#1$aХемметт$bД.
_tКрасная жатва
_aХемметт, Д.
464 0 _12001#$aВ холодном поту
_1700#1$aБуало-Нарсежак
_tВ холодном поту
_aБуало-Нарсежак
464 0 _12001#$aНовейший вариант пещеры Али-Бабы
_1700#1$aСейерс$bД.
_tНовейший вариант пещеры Али-Бабы
_aСейерс, Д.
464 0 _12001#$aМартовские иды
_1700#1$aХорнунг$bЭ.У.
_tМартовские иды
_aХорнунг, Э.У.
464 0 _12001#$aКто смеется последним
_1700#1$aХорнунг$bЭ.У.
_tКто смеется последним
_aХорнунг, Э.У.
464 0 _12001#$aПоймать вора
_1700#1$aХорнунг$bЭ.У.
_tПоймать вора
_aХорнунг, Э.У.
464 0 _12001#$aВоскресение отца Брауна
_1700#1$aЧестертон$bГ.К.
_tВоскресение отца Брауна
_aЧестертон, Г.К.
464 0 _12001#$aТри всадника из Апокалипсиса
_1700#1$aЧестертон$bГ.К.
_tТри всадника из Апокалипсиса
_aЧестертон, Г.К.
801 0 _aRU
_bNLR
_gpsbo
801 1 _aRU
_bELAR
_2rusmarc
852 _aNLR
_j89-3/6513
942 _cBOOK
980 _aNB